000 00740nam a2200229 i 4500
001 187061
003 SpMaBN
005 20251014063302.0
008 170407s1989 mx c |||| |dspa d
020 _a968-16-3252-4
080 _a929:32 Vasconcelos, José
100 1 _aRobles, Martha,
_d1948-
_9162318
245 1 0 _aEntre el poder y las letras
_b: Vasconcelos en sus memorias /
_cMartha Robles.
250 _a1ª ed.
260 _aMéxico :
_bFondo de Cultura Económica,
_c1989.
300 _a132 p. :
_b1 retr. ;
_c23 cm.
500 _aApéndices documentales.
504 _aBibliografía: p. 129-132.
600 1 4 _aVasconcelos, José,
_d1881-1959
_9113268
852 _aES-MaACL
_jL-31384
999 _c187061
_d187061